000 00343 a2200157 4500
001 57356
020 _a9788508107285
040 _cAnchieta - Pituba
100 _aSilveira, Maria José
240 1 0 _aCabeça de garota
_lpor
245 1 0 _aCabeça de garota
300 _a160
362 0 _a2008
650 4 _aLiteratura juvenil
942 _cBK
999 _c57356
_d57356